Short notes & multiple choice questions: the indian evidence act (act of 1872) / (Record no. 95557)

MARC details
000 -LEADER
fixed length control field 00520nam a22001697a 4500
005 - DATE AND TIME OF LATEST TRANSACTION
control field 20150806140151.0
010 ## - LCCN (DPL NO)
LC control number ENG-113797
020 ## - INTERNATIONAL STANDARD BOOK NUMBER
International Standard Book Number 9789351434863
Terms of availability 295.00
035 ## - SYSTEM CONTROL NUMBER
System control number EN-97329
037 ## - SOURCE OF ACQUISITION
Source of stock number/acquisition DBAD/PUB
245 ## - TITLE STATEMENT
Title Short notes & multiple choice questions: the indian evidence act (act of 1872) /
250 ## - EDITION STATEMENT
Edition statement 2nd ed
260 ## - PUBLICATION, DISTRIBUTION, ETC. (IMPRINT)
Place of publication, distribution, etc Gurgaon
Name of publisher, distributor, etc LexisNexis
Date of publication, distribution, etc 2015
270 ## - ADDRESS
Address 14th Floor, Building No.10, Tower-B, DLF Cyber City, Phase-II
City Gurgaon
Postal code 122002
300 ## - PHYSICAL DESCRIPTION
Extent v,254p.
Dimensions 25cm(pbk)
942 ## - ADDED ENTRY ELEMENTS (KOHA)
Source of classification or shelving scheme Dewey Decimal Classification
Item type English Books
Call number suffix IND
Holdings
Withdrawn status Lost status Not for loan Collection code Home library Current library Date acquired Source of acquisition Cost, normal purchase price Full call number Barcode Copy number Cost, replacement price Koha item type
    Not For Loan Non-fiction D.B.Act.Division D.B.Act.Division 06/08/2015 DBAD/PUB 295.00 IND EN-97329 1 295.00 English Books

© Delhi Public Library
Hit Counter
free hit counter